| 000 | 00451cam a2200169ua 4500 | ||
|---|---|---|---|
| 020 | _c28.00 | ||
| 041 |
_aeng _h |
||
| 082 |
_a551.2 _bGAM/BI |
||
| 100 | _aGamow, George . | ||
| 245 |
_aBiography of the earth: Its past , present and future / _cGeorge Gamow. _hTextual Documents |
||
| 260 |
_aLondon : _bMacMillan and Company Limited , _c1962. |
||
| 300 | _a242 ; . | ||
| 365 | _a28.00 | ||
| 504 | _a | ||
| 942 | _cBK | ||
| 999 |
_c11248 _d11248 |
||